• 首页
  • 本馆介绍
  • 公告通知
  • 最新文献
  • 馆藏检索
  • 电子资源
  • 读者导购
  • 参考咨询
  • 我的图书馆
  • 登录
  • 详细信息显示
  • 放入我的书架
  • 预约/预借图书
  • 作者相关作品
  • 分类相关作品
  • 丛书相关作品
  • 出版社相关作品

书目信息

  • 表格格式
  • 工作单格式
  • 卡片格式
题名:
自杀论
    
 
作者: 杜尔凯姆 著 ;钟旭辉 , 马磊 , 林庆新 译
分册:  
出版信息: 杭州   浙江人民出版社  1988
页数: 345页
开本: 20cm
丛书名:
单 册:
中图分类: C91-03
科图分类:
主题词: 社会学--科学方法论
电子资源:
ISBN: 7-213-00238-4
000 00690nam0 2200229 45
001 0411170854
005 20041117102426.9
010    @a7-213-00238-4@dCNY3.70
100    @a20041117d1988 km y0chiy0120 ea
101 0  @achi@cfre
105    @a z 000yy
200 1  @a自杀论@AZi Sha Lun@f(法)爱米尔·杜尔凯姆著@F(Fa)Ai Mi Er·Du Er Kai MuZhu@g钟旭辉,马磊,林庆新译
210    @a杭州@c浙江人民出版社@d1988
215    @a345页@d20cm
606 0  @a社会学@x科学方法论
690    @aC91-03@v3
701  0 @a杜尔凯姆@4著
702  0 @a钟旭辉@AZhong Xu Hui@4译
702  0 @a马磊@AMa Lei@4译
702  0 @a林庆新@ALin Qing Xin@4译
801    @aCN@bPftUser@c20041117
905    @f1@b253059@dC91-03@e153
    
    自杀论/(法)爱米尔·杜尔凯姆著/钟旭辉,马磊,林庆新译.-杭州:浙江人民出版社,1988
    345页;20cm
    
    
    ISBN 7-213-00238-4:CNY3.70
    
●
相关链接 在E读中查询图书 在五车中查询图书 在当当中查询图书 在豆瓣中查询图书


正题名:自杀论     索取号:C91-03/153         预约/预借

序号 登录号 条形码 馆藏地/架位号 状态 备注
1 0253058   000372885   第一样本阅览室/ [索取号:C91-03/153] 在馆    
2 0253059   000372876   第一借阅区/ [索取号:C91-03/153] 在馆    
唐山师范学院图书馆 欢迎您!
大连网信软件有限公司© 版权所有